LEADER 01003nlm 2200265Ia 450 001 996416449203316 005 20210511124406.0 100 $a19831129d1682---- uy | 101 0 $alat 102 $aUK 135 $adrcnu 200 1 $aOughtredus explicatus, sive, Commentarius in ejus clavem mathematicam$ecui addita Sunt planetarum observationes & horologiorum constructio$fauthore Gilberto Clark 210 1 $aLondini$cTypis Milonis Flesher, veneunt apud Ric. Davis$d1682 215 $aTesto elettronico (PDF)(160, 24 p., [1] folded leaf of plates : ill.) 230 $aBase dati testuale 300 $aRiproduzione dell'originale nella Trinity College Library, Cambridge University. 606 0 $aMatematica$2BNCF 676 $a510.1 700 1$aCLERKE,$bGilbert$f1626-1697?$0793304 801 0$bcba$aIT$bcba$gREICAT 912 $a996416449203316 959 $aEB 969 $aER 996 $aOughtredus explicatus, sive, Commentarius in ejus clavem mathematicam$91774378 997 $aUNISA LEADER 02438nam 2200745Ia 450 001 9910455823703321 005 20200520144314.0 010 $a1-280-08603-3 010 $a9786610086030 010 $a0-585-48597-6 035 $a(CKB)111087027997110 035 $a(OCoLC)559622620 035 $a(CaPaEBR)ebrary10046589 035 $a(SSID)ssj0000085993 035 $a(PQKBManifestationID)11123899 035 $a(PQKBTitleCode)TC0000085993 035 $a(PQKBWorkID)10029530 035 $a(PQKB)10779949 035 $a(MiAaPQ)EBC3050632 035 $a(Au-PeEL)EBL3050632 035 $a(CaPaEBR)ebr10046589 035 $a(CaONFJC)MIL8603 035 $a(OCoLC)507959871 035 $a(EXLCZ)99111087027997110 100 $a20020424d2003 uy 0 101 0 $aeng 135 $aurcn||||||||| 181 $ctxt 182 $cc 183 $acr 200 10$aConnecting cities with macroeconomic concerns$b[electronic resource] $ethe missing link : do local public services matter? : a case study of five cities /$fMila Freire and Mario Pols?e, with the assistance of Pamela Echeverria 210 $aWashington, D.C. $cWorld Bank$d2003 215 $a1 online resource (134 p.) 300 $aBibliographic Level Mode of Issuance: Monograph 311 $a0-8213-5673-9 606 $aUrban economics 606 $aCommunity development, Urban 606 $aUrban policy 606 $aCity planning 606 $aMunicipal services 606 $aMacroeconomics 606 $aBusiness 607 $aBelo Horizonte (Brazil)$xEconomic conditions 607 $aMontre?al (Que?bec)$xEconomic conditions 607 $aPuebla de Zaragoza (Mexico)$xEconomic conditions 607 $aSan Jose? (Costa Rica)$xEconomic conditions 607 $aSan Salvador (El Salvador)$xEconomic conditions 608 $aElectronic books. 615 0$aUrban economics. 615 0$aCommunity development, Urban. 615 0$aUrban policy. 615 0$aCity planning. 615 0$aMunicipal services. 615 0$aMacroeconomics. 615 0$aBusiness. 700 $aFreire$b Mila$0858054 701 $aPole?se$b Mario$f1943-$0858055 701 $aEcheverria$b Pamela$0858056 801 0$bMiAaPQ 801 1$bMiAaPQ 801 2$bMiAaPQ 906 $aBOOK 912 $a9910455823703321 996 $aConnecting cities with macroeconomic concerns$91915770 997 $aUNINA